000 00550nam a22001817a 4500
005 20180524163211.0
010 _aENG-123098
020 _a9788170904090
_c100.00
035 _aEN-106630
037 _bDBAD/PUB
082 _a871.100809287
100 _aSubramanian K.S.
245 _aTamil Women Poets :
_bby K S Subramanian
_cSangam to the Present /
260 _aThanjavur
_bTamil University
_c2010
270 _aAandu 2041, Vaikasi
_bThanjavur
_e613010
300 _a275p
_b22cm.(pbk)
942 _2ddc
_cEN
_h871.100809287
_mSUB
999 _c152254
_d152254